Normal view
MARC view
- Chernov, Aleksandr Vasil'evich
Entry Personal Name
001 - CONTROL NUMBER
- control field: 41732
003 - CONTROL NUMBER IDENTIFIER
- control field: NUST
005 - DATE AND TIME OF LATEST TRANSACTION
- control field: 20210314132125.0
008 - FIXED-LENGTH DATA ELEMENTS
- fixed length control field: 210314|| aca||aabn | a|a d
040 ## - CATALOGING SOURCE
- Original cataloging agency: NUST
- Transcribing agency: NUST
100 ## - HEADING--PERSONAL NAME
- Personal name: Chernov, Aleksandr Vasil'evich
670 ## - SOURCE DATA FOUND
- Source citation: Work cat.: (NUST): Chernov, Aleksandr Vasil'evich, Fundamentals of heat engineering and hydraulics, 1969.
